|
|
|
|
| LEADER |
03539cam a2200817 i 4500 |
| 001 |
nkc20203166235 |
| 003 |
CZ PrNK |
| 005 |
20200814111830.0 |
| 007 |
ta |
| 008 |
191211s2019 xr abf f 001 0 cze d |
| 015 |
|
|
|a cnb003166235
|
| 020 |
|
|
|a 978-80-257-2949-6
|q (vázáno)
|
| 035 |
|
|
|a (OCoLC)1200248252
|
| 040 |
|
|
|a KLG001
|b cze
|d ABA001
|e rda
|
| 041 |
1 |
|
|a cze
|h dut
|
| 043 |
|
|
|a e-ne---
|a a-ii---
|
| 045 |
|
|
|a t7t9
|
| 072 |
|
7 |
|a 913(5)
|x Geografie Asie, reálie, cestování
|2 Konspekt
|9 7
|
| 080 |
|
|
|a 339.1-051
|2 MRF
|
| 080 |
|
|
|a 910.4-051
|2 MRF
|
| 080 |
|
|
|a 82-992
|2 MRF
|
| 080 |
|
|
|a 910.3/.4
|2 MRF
|
| 080 |
|
|
|a 913(540)
|2 MRF
|
| 080 |
|
|
|a (492)
|2 MRF
|
| 080 |
|
|
|a (540)
|2 MRF
|
| 080 |
|
|
|a (0:82-992)
|2 MRF
|
| 080 |
|
|
|a (0.072)
|2 MRF
|
| 080 |
|
|
|a (048.8)
|2 MRF
|
| 100 |
1 |
|
|a Linschoten, Jan Huygen van,
|d 1563-1611
|7 mzk2009510514
|4 aut
|
| 240 |
1 |
0 |
|a Itinerario, voyage ofte schipvaert van Jan Huygen van Linschoten naer Oost ofte Portugaels Indien.
|l Česky
|7 aun20201074450
|
| 245 |
1 |
0 |
|a Itinerario :
|b cesta a plavba na Východ, neboli, Do Portugalských Indií (1579-1592) /
|c Jan Huyghen van Linschoten ; z nizozemského originálu přeložil, k vydání připravil, úvodní studií a poznámkami opatřil Karel Staněk
|
| 246 |
3 |
0 |
|a Cesta a plavba na Východ, neboli, Do Portugalských Indií
|
| 250 |
|
|
|a Vydání první
|
| 264 |
|
1 |
|a Praha :
|b Argo,
|c 2019
|
| 300 |
|
|
|a 538 stran, xl stran obrazových příloh :
|b ilustrace (převážně barevné), mapy ;
|c 21 cm
|
| 336 |
|
|
|a text
|b txt
|2 rdacontent
|
| 337 |
|
|
|a bez média
|b n
|2 rdamedia
|
| 338 |
|
|
|a svazek
|b nc
|2 rdacarrier
|
| 490 |
1 |
|
|a Itineraria ;
|v svazek 7
|
| 500 |
|
|
|a Terminologický slovník
|
| 504 |
|
|
|a Obsahuje bibliografie, bibliografické odkazy a rejstřík
|
| 600 |
1 |
7 |
|a Linschoten, Jan Huygen van,
|d 1563-1611
|7 mzk2009510514
|2 czenas
|
| 600 |
1 |
7 |
|a Linschoten, Jan Huygen van,
|d 1563-1611.
|t Itinerario, voyage ofte schipvaert van Jan Huygen van Linschoten naer Oost ofte Portugaels Indien
|7 aun20201074817
|2 czenas
|
| 648 |
|
4 |
|a 1579-1592
|
| 648 |
|
7 |
|a 16.-17. století
|7 ch757028
|2 czenas
|
| 648 |
|
7 |
|a 16. století
|7 ch460554
|2 czenas
|
| 650 |
0 |
7 |
|a obchodníci
|7 ph123564
|z Nizozemsko
|y 16.-17. století
|2 czenas
|
| 650 |
0 |
7 |
|a cestovatelé
|7 ph119109
|z Nizozemsko
|y 16.-17. století
|2 czenas
|
| 650 |
0 |
7 |
|a cestopisy
|7 ph119108
|x díla do r. 1800
|2 czenas
|
| 650 |
0 |
7 |
|a objevné cesty
|7 ph123592
|z Portugalská Indie
|y 16. století
|2 czenas
|
| 650 |
0 |
7 |
|a mořeplavectví
|7 ph115370
|y 16. století
|2 czenas
|
| 650 |
0 |
9 |
|a businessmen
|z Netherlands
|y 16th-17th centuries
|2 eczenas
|
| 650 |
0 |
9 |
|a travellers
|z Netherlands
|y 16th-17th centuries
|2 eczenas
|
| 650 |
0 |
9 |
|a books on travels
|x early works to 1800
|2 eczenas
|
| 650 |
0 |
9 |
|a exploring voyages
|z Portuguese India
|y 16th century
|2 eczenas
|
| 650 |
0 |
9 |
|a seafaring
|y 16th century
|2 eczenas
|
| 651 |
|
7 |
|a Portugalská Indie
|7 ge611760
|x vlastivěda
|2 czenas
|
| 651 |
|
9 |
|a Portuguese India
|x description and travel
|2 eczenas
|
| 655 |
|
7 |
|a cestopisy
|7 fd131956
|2 czenas
|
| 655 |
|
7 |
|a komentovaná vydání
|7 fd132577
|2 czenas
|
| 655 |
|
7 |
|a studie
|7 fd133597
|2 czenas
|
| 655 |
|
9 |
|a books of travels
|2 eczenas
|
| 655 |
|
9 |
|a annotated editions
|2 eczenas
|
| 655 |
|
9 |
|a studies
|2 eczenas
|
| 700 |
1 |
|
|a Staněk, Karel,
|d 1983-
|7 xx0213708
|4 wfw
|4 cwt
|4 edt
|4 trl
|
| 830 |
|
0 |
|a Itineraria
|0 s
|
| 910 |
2 |
|
|a BOA001
|b 2-1451.098
|
| 920 |
|
|
|a 1266224
|z KLG001
|
| 990 |
|
|
|a BK
|
| 995 |
|
|
|a 01
|
| 996 |
6 |
|
|b 2610834569
|c 2-1451.098
|l MZK
|r Sklad / do 1 hodiny
|n 1
|p p.v.
|w 001819144
|u 000010
|a 1
|e BOA001
|j MZK50
|s P
|